000 00486nam a2200181Ia 4500
005 20250508154112.0
008 008 250505s9999 xx 000 0 eng d
037 _aTextual
040 _aFEDL
_beng
_cFEDL
041 _aeng
_2eng
084 _a821.8, COL
_qFEDL
100 _aColum Padraic
_9138219
245 0 _aPoems of jonathan swift
260 _aNew York, USA
_bCollier Books
_c1962
300 _a126p.
942 _cTEXL
_h821.8, COL
999 _c1347646
_d1347646